Aplicación del modelo de revaluación de la RT 31 (Registro nro. 12291)

Detalles MARC
000 -LEADER
fixed length control field 00374 a2200133 4500
001 - CONTROL NUMBER
control field ART_43505
005 - DATE AND TIME OF LATEST TRANSACTION
control field 20260410161629.0
008 - FIXED-LENGTH DATA ELEMENTS--GENERAL INFORMATION
fixed length control field 260409a
100 1# - MAIN ENTRY--PERSONAL NAME
Personal name Díaz, Teresa
245 10 - TITLE STATEMENT
Title Aplicación del modelo de revaluación de la RT 31
700 1# - ADDED ENTRY--PERSONAL NAME
Personal name Pozzi, Nélida B.
700 1# - ADDED ENTRY--PERSONAL NAME
Personal name Suardi, Diana
773 0# - HOST ITEM ENTRY
Title Enfoques
Related parts - Nº 8 (ago. 2017)
Record control number REV416

No hay ítems disponibles.